John Dee: the world of the Elizabethan magus (Record no. 273351)

MARC details
000 -LEADER
fixed length control field 00485nam a2200181Ia 4500
008 - FIXED-LENGTH DATA ELEMENTS--GENERAL INFORMATION
fixed length control field 191130s2006##################000#0#eng##
020 ## - INTERNATIONAL STANDARD BOOK NUMBER
ISBN 9780744800791
082 ## - DEWEY DECIMAL CLASSIFICATION NUMBER
Classification number 928.21 FRE
100 ## - MAIN ENTRY--AUTHOR NAME
Personal name French, Peter J
245 ## - TITLE STATEMENT
Title John Dee: the world of the Elizabethan magus
Statement of responsibility, etc Peter J. French
260 ## - PUBLICATION, DISTRIBUTION, ETC. (IMPRINT)
Place of publication London
Name of publisher Routledge
Year of publication 2006
300 ## - PHYSICAL DESCRIPTION
Number of Pages 243 p
650 ## - SUBJECT ADDED ENTRY--TOPICAL TERM
Topical Term Biography
991 ## -
-- 139751
Holdings
Withdrawn status Lost status Damaged status Not for loan Home library Current library Shelving location Date acquired Full call number Accession Number Price effective from Koha item type
        Anna Centenary Library Anna Centenary Library 7TH FLOOR, B WING 13.10.2020 928.21 FRE 177548 13.10.2020 English Books

Find us on the map